<?xml version="1.0" encoding="UTF-8"?><marc:collection xmlns:marc="http://www.loc.gov/MARC21/slim">
  <marc:record>
    <marc:leader>00000nam##2200000za#4500</marc:leader>
    <marc:controlfield tag="001">9.662073</marc:controlfield>
    <marc:controlfield tag="003">CaOODSP</marc:controlfield>
    <marc:controlfield tag="005">20210615120348</marc:controlfield>
    <marc:controlfield tag="007">ta</marc:controlfield>
    <marc:controlfield tag="008">150407|2000||||xxc|||||     f|0| 0 eng|d</marc:controlfield>
    <marc:datafield tag="020" ind1=" " ind2=" ">
      <marc:subfield code="a">0-662-65245-2</marc:subfield>
    </marc:datafield>
    <marc:datafield tag="022" ind1=" " ind2=" ">
      <marc:subfield code="a">1488-6618</marc:subfield>
    </marc:datafield>
    <marc:datafield tag="040" ind1=" " ind2=" ">
      <marc:subfield code="a">CaOODSP</marc:subfield>
      <marc:subfield code="b">eng</marc:subfield>
    </marc:datafield>
    <marc:datafield tag="041" ind1=" " ind2=" ">
      <marc:subfield code="a">eng</marc:subfield>
    </marc:datafield>
    <marc:datafield tag="041" ind1=" " ind2=" ">
      <marc:subfield code="a">fre</marc:subfield>
    </marc:datafield>
    <marc:datafield tag="043" ind1=" " ind2=" ">
      <marc:subfield code="a">n-cn---</marc:subfield>
    </marc:datafield>
    <marc:datafield tag="086" ind1="1" ind2=" ">
      <marc:subfield code="a">A72-57/2000</marc:subfield>
    </marc:datafield>
    <marc:datafield tag="110" ind1="1" ind2=" ">
      <marc:subfield code="a">Canada. </marc:subfield>
      <marc:subfield code="b">Agriculture and Agri-Food Canada.</marc:subfield>
    </marc:datafield>
    <marc:datafield tag="245" ind1="1" ind2="0">
      <marc:subfield code="a">Medium term policy baseline : </marc:subfield>
      <marc:subfield code="b">international and domestic markets </marc:subfield>
    </marc:datafield>
    <marc:datafield tag="250" ind1=" " ind2=" ">
      <marc:subfield code="a">September, 2000.</marc:subfield>
    </marc:datafield>
    <marc:datafield tag="260" ind1=" " ind2=" ">
      <marc:subfield code="a">Ottawa - Ontario : </marc:subfield>
      <marc:subfield code="b">Agriculture and Agri-Food Canada </marc:subfield>
      <marc:subfield code="c">2000.</marc:subfield>
    </marc:datafield>
    <marc:datafield tag="300" ind1=" " ind2=" ">
      <marc:subfield code="a">English text, 99p. in various pagings. : </marc:subfield>
      <marc:subfield code="b">graphs, tables ; </marc:subfield>
      <marc:subfield code="c">28 cm.</marc:subfield>
    </marc:datafield>
    <marc:datafield tag="500" ind1=" " ind2=" ">
      <marc:subfield code="a">"The purpose of this document is to describe the features of Agriculture and Agri-Food Canada (AAFC's) medium term policy baseline covering the period 2000-2006. This baseline is an attempt to outline a plausible future for the international and domestic agri-food sectors. This outline will serve as a benchmark for discussion, scenario analysis and consensus about the impact of current and prospective events on these agri-food sectors. The baseline makes specific assumptions and judgements and works out their implications. Since it holds policies constant according to existing legislation, the baseline is not a forecast of future events... The text of this document includes an overview of the main assumptions and key results and is accompanied by many figures to facilitate the comprehension."--Preface.</marc:subfield>
    </marc:datafield>
    <marc:datafield tag="504" ind1=" " ind2=" ">
      <marc:subfield code="a">Bibliography.</marc:subfield>
    </marc:datafield>
    <marc:datafield tag="520" ind1="3" ind2=" ">
      <marc:subfield code="a">The purpose of this document is to describe the features of Agriculture and Agri-Food Canada (AAFC's) medium term policy baseline covering the period 2000-2006. This baseline is an attempt to outline a plausible future for the international and domestic agri-food sectors. This outline will serve as a benchmark for discussion, scenario analysis and consensus about the impact of current and prospective events on these agri-food sectors. The baseline makes specific assumptions and judgements and works out their implications. Since it holds policies constant according to existing legislation, the baseline is not a forecast of future events... The text of this document includes an overview of the main assumptions and key results and is accompanied by many figures to facilitate the comprehension.--Preface</marc:subfield>
    </marc:datafield>
    <marc:datafield tag="546" ind1=" " ind2=" ">
      <marc:subfield code="a">Bilingual</marc:subfield>
    </marc:datafield>
    <marc:datafield tag="563" ind1=" " ind2=" ">
      <marc:subfield code="a">Spiral binding</marc:subfield>
    </marc:datafield>
    <marc:datafield tag="590" ind1=" " ind2=" ">
      <marc:subfield code="a">00-44</marc:subfield>
      <marc:subfield code="b">2000-11-03</marc:subfield>
    </marc:datafield>
    <marc:datafield tag="690" ind1="0" ind2="7">
      <marc:subfield code="a">Agricultural policy</marc:subfield>
      <marc:subfield code="2">gcpds</marc:subfield>
    </marc:datafield>
    <marc:datafield tag="690" ind1="0" ind2="7">
      <marc:subfield code="a">Agri-food industry</marc:subfield>
      <marc:subfield code="2">gcpds</marc:subfield>
    </marc:datafield>
    <marc:datafield tag="690" ind1="0" ind2="7">
      <marc:subfield code="a">International markets</marc:subfield>
      <marc:subfield code="2">gcpds</marc:subfield>
    </marc:datafield>
    <marc:datafield tag="690" ind1="0" ind2="7">
      <marc:subfield code="a">Domestic markets</marc:subfield>
      <marc:subfield code="2">gcpds</marc:subfield>
    </marc:datafield>
    <marc:datafield tag="776" ind1="0" ind2="#">
      <marc:subfield code="t">Scénario de référence des politiques à moyen terme : </marc:subfield>
      <marc:subfield code="w">(CaOODSP)9.637712</marc:subfield>
    </marc:datafield>
    <marc:datafield tag="776" ind1="0" ind2="#">
      <marc:subfield code="t">Medium term policy baseline : </marc:subfield>
      <marc:subfield code="w">(CaOODSP)9.693536</marc:subfield>
    </marc:datafield>
    <marc:datafield tag="792" ind1=" " ind2=" ">
      <marc:subfield code="t">Scénario de référence des politiques à moyen terme : </marc:subfield>
      <marc:subfield code="e">fre</marc:subfield>
      <marc:subfield code="w">(CaOODSP)9.662074</marc:subfield>
    </marc:datafield>
    <marc:datafield tag="986" ind1=" " ind2=" ">
      <marc:subfield code="a">2057/B</marc:subfield>
    </marc:datafield>
  </marc:record>
</marc:collection>
